Normal view
MARC view
- Ensenyament universitari
Entry Terme temàtic
001 - NÚMERO DE CONTROL
- campo de control: 165824
003 - IDENTIFICADOR DEL NÚMERO DE CONTROL
- campo de control: ES-BaIT
005 - FECHA Y HORA DE LA ÚLTIMA TRANSACCIÓN
- campo de control: 20250526122832.0
008 - DATOS DE LONGITUD FIJA
- campo de control de longitud fija: 250526|| aca||babn | a|a d
040 ## - FUENTE DE LA CATALOGACIÓN
- Centro catalogador/agencia de origen: ES-BaIT
150 ## - ENCABEZAMIENTO--TÉRMINO DE MATERIA
- Término de materia o nombre geográfico como elemento de entrada: Ensenyament universitari
- Font: lemac
- Subdivisión geográfica: Unió Europea, Països de la


